Cargando...

Absalom and achitophel ed by W D Chrictie and rer by C H Firth /

Detalles Bibliográficos
Autor principal: Dryden, John
Lenguaje:Undetermined
Publicado: 1953
LEADER 00401nam a2200121Ia 4500
001 35173
008 170722s9999 xx 000 0 und d
100 |a Dryden, John 
245 |a Absalom and achitophel ed by W D Chrictie and rer by C H Firth / 
260 |c 1953 
942 |c GEN 
999 |c 20662  |d 20662 
952 |0 0  |1 0  |4 0  |6 O_1K31ACR_J3  |7 0  |9 24426  |a LIB  |b LIB  |d 2017-08-12  |o O-,1K31,A(CR) J3  |p 55867  |r 2017-08-12  |w 2017-08-12  |y GEN